| 000 | 01042nam a2200229Ia 4500 | ||
|---|---|---|---|
| 003 | Ost | ||
| 005 | 20260507075803.0 | ||
| 008 | 260507s9999||||xx |||||||||||||| ||und|| | ||
| 040 | _cfsecg | ||
| 041 | _aara | ||
| 082 | _a338.7 | ||
| 100 |
_aعرباجي، اسماعيل _eمؤلف |
||
| 245 | 0 |
_aإقتصاد المؤسسة : _bأهمية التنظيم ديناميكية الهياكل / _c اسماعيل عرباجي |
|
| 250 | _aطبعة 2 | ||
| 260 |
_a[دون مكان]: _b, |
||
| 300 |
_a374 صفحة؛ _bإيضاحات ؛ _c23 سم |
||
| 504 | _aبيبليوغرافيا: ص ص.349-356 | ||
| 520 | _aيضم المؤسسة والنظرية العامة، المبادئ العامة التنظيمية والإدارية، المؤسسة ومحيطها، التسويق، المخزونات، التحليل المالي، استقلالية المؤسسات، مجموعة مسائل وتمارينات للمراجعة. | ||
| 653 | _aالاقتصاد | ||
| 653 | _aالمؤسسات التجارية | ||
| 942 | _cكتاب | ||
| 999 |
_c46346 _d46346 |
||